000
00301nam a22001337a 4500
008
181205b xxu||||| |||| 00| 0 eng d
020
_a
0852634811
041
_a
eng
080
_a
721
100
_a
41
101
_a
NDE
245
_a
Discovering Timber-Framed Buildings
_c
Harris,R
942
_2
udc
_c
BK
999
_c
52861
_d
52861